La ville durable, du politique au scientifique (notice n° 1553200)
[ vue normale ]
| 000 -LEADER | |
|---|---|
| fixed length control field | 01344cam a2200289zu 4500 |
| 003 - CONTROL NUMBER IDENTIFIER | |
| control field | FRCYB10295021 |
| 005 - DATE AND TIME OF LATEST TRANSACTION | |
| control field | 20251020123147.0 |
| 008 - FIXED-LENGTH DATA ELEMENTS--GENERAL INFORMATION | |
| fixed length control field | 251020s2005 fr | o|||||0|0|||fre d |
| 020 ## - INTERNATIONAL STANDARD BOOK NUMBER | |
| International Standard Book Number | 9782738012029 |
| 035 ## - SYSTEM CONTROL NUMBER | |
| System control number | FRCYB10295021 |
| 040 ## - CATALOGING SOURCE | |
| Original cataloging agency | FR-PaCSA |
| Language of cataloging | fr |
| Transcribing agency | |
| Description conventions | rda |
| 100 1# - MAIN ENTRY--PERSONAL NAME | |
| Personal name | Mathieu, Nicole |
| 245 01 - TITLE STATEMENT | |
| Title | La ville durable, du politique au scientifique |
| Remainder of title | Edition 2005 |
| Statement of responsibility, etc. | ['Mathieu, Nicole', 'Guermond, Yves'] |
| 264 #1 - PRODUCTION, PUBLICATION, DISTRIBUTION, MANUFACTURE, AND COPYRIGHT NOTICE | |
| Name of producer, publisher, distributor, manufacturer | Editions Quae |
| Date of production, publication, distribution, manufacture, or copyright notice | 2005 |
| 300 ## - PHYSICAL DESCRIPTION | |
| Extent | p. |
| 336 ## - CONTENT TYPE | |
| Content type code | txt |
| Source | rdacontent |
| 337 ## - MEDIA TYPE | |
| Media type code | c |
| Source | rdamdedia |
| 338 ## - CARRIER TYPE | |
| Carrier type code | c |
| Source | rdacarrier |
| 520 ## - SUMMARY, ETC. | |
| Summary, etc. | Les politiques des villes seront-elles modifiées par le développement durable ? À son tour, le développement durable introduit-il une innovation scientifique ? Chercheurs et praticiens de disciplines variées tentent à partir de leur expérience de répondre à cette question « Qu’est-ce que la ville durable ? » sans en éviter les complexes contradictions. Public : scientifiques, ingénieurs, urbanistes et architectes, décideurs, mais aussi enseignants et étudiants du supérieur. |
| 650 #0 - SUBJECT ADDED ENTRY--TOPICAL TERM | |
| Topical term or geographic name entry element | |
| 700 0# - ADDED ENTRY--PERSONAL NAME | |
| Personal name | Mathieu, Nicole |
| 700 0# - ADDED ENTRY--PERSONAL NAME | |
| Personal name | Guermond, Yves |
| 856 40 - ELECTRONIC LOCATION AND ACCESS | |
| Access method | Cyberlibris |
| Uniform Resource Identifier | <a href="https://international.scholarvox.com/netsen/book/10295021">https://international.scholarvox.com/netsen/book/10295021</a> |
| Electronic format type | text/html |
| Host name | |
Pas d'exemplaire disponible.




Réseaux sociaux